000 01991nam0a2200313 4500
001 RU\NLR\BIBL_A\022573120
005 20260420050043.0
010 _a978-5-8180-0683-3
_9299
021 _aRU
_bКН-П-25-014702
_9КН-П-25-1492
035 _a(NLR Aleph) 022573120
090 _a13675993
_c13675993
100 _a20250625d2025 u y0rusy50 ca
101 0 _arus
102 _aRU
105 _aa j 000yy
181 0 _ai
_bxxxe
182 0 _an
200 1 _aТеория судебной экспертизы
_eучебное пособие
_eдля студентов образовательных учреждений высшего профессионального образования специальности 40.05.01 Правовое обеспечение национальной безопасности
_fГ. В. Вершицкая
_gФедеральное государственное бюджетное образовательное учреждение высшего образования "Российская академия народного хозяйства и государственной службы при Президенте Российской Федерации", Поволжский институт управления имени П. А. Столыпина
203 _aТекст
_bвизуальный
_cнепосредственный
210 _aСаратов
_cПИУ РАНХиГС
_d2025
215 _a129, [1] с.
_cил.
_d20
320 _aБиблиогр.: с. 127 и в подстроч. примеч.
606 1 _aСудебная экспертиза
_jУчебные издания для высших учебных заведений
_xТеория
_92426758
_3RU\NLR\AUTH\661444751
686 1 _aХ629.341.3я73
700 1 _aВершицкая
_bГ. В.
_gГалина Валентиновна
942 _cBOOK
980 _aNB